| 000 | 00612cam a22001931 4500 | ||
|---|---|---|---|
| 001 | sa 65003311 | ||
| 003 | DLC | ||
| 005 | 20260227112122.0 | ||
| 008 | 890317s1960 io a 000 0 ind | ||
| 010 | _asa 65003311 | ||
| 035 | _a(OCoLC)23560734 | ||
| 040 |
_aDLC _cMiU _dDLC |
||
| 050 | 0 | 0 |
_aJQ779.A55 _bA463 |
| 110 | 2 |
_aPartai Komunis Indonesia. _bComite Central. |
|
| 245 | 1 | 0 | _a40 tahun P. K. I. 1920-1960. |
| 260 |
_a[Djakarta, _bLembaga Sedjarah PKI dari Departemen-Agitasi dan Propaganda C. C. P. K. I., _c1960?] |
||
| 300 |
_a87 p. _b(chiefly illus.) _c22 x 32 cm. |
||
| 610 | 2 | 0 | _aPartai Komunis Indonesia. |
| 999 |
_c63083 _d63083 |
||